|
|
|
|
| LEADER |
00000nam0a2200000 4500 |
| 001 |
303969 |
| 005 |
20231102001644.0 |
| 035 |
|
|
|a (RuTPU)RU\TPU\book\329204
|
| 090 |
|
|
|a 303969
|
| 100 |
|
|
|a 20150908d1978 k y0rusy50 ca
|
| 101 |
1 |
|
|a rus
|c ger
|
| 102 |
|
|
|a RU
|
| 105 |
|
|
|a y z 001zy
|
| 200 |
1 |
|
|a Наука и производство при социализме
|e пер. с нем.
|f Г. Ник [и др.]
|g пер. с нем. В. П. Каманкина
|
| 210 |
|
|
|a Москва
|c Экономика
|d 1978
|
| 215 |
|
|
|a 215 с.
|
| 225 |
1 |
|
|a Социализм: опыт, проблемы, перспективы
|
| 320 |
|
|
|a Библиогр. в примеч.
|
| 606 |
1 |
|
|a Технический прогресс
|y СССР
|y Россия
|2 stltpush
|3 (RuTPU)RU\TPU\subj\60126
|9 77615
|
| 610 |
1 |
|
|a социализм
|
| 610 |
1 |
|
|a наука
|
| 610 |
1 |
|
|a производство
|
| 610 |
1 |
|
|a научно-техническая революция
|
| 610 |
1 |
|
|a материально-техническая база
|
| 610 |
1 |
|
|a труд
|
| 610 |
1 |
|
|a личность
|
| 610 |
1 |
|
|a планирование
|
| 610 |
1 |
|
|a экономическое стимулирование
|
| 675 |
|
|
|a 62.001.7(47+57)
|v 4
|
| 701 |
|
1 |
|a Ник
|b Г.
|g Гарри
|
| 701 |
|
1 |
|a Байер
|b Г.-И.
|g Ганс-Иоахим
|
| 701 |
|
1 |
|a Кузика
|b Г.
|g Герберт
|
| 701 |
|
1 |
|a Лангендорф
|b Г.
|g Гудрун
|
| 701 |
|
1 |
|a Прагер
|b Э.
|g Эберхард
|
| 701 |
|
1 |
|a Эделинг
|b Г.
|g Герберт
|
| 702 |
|
1 |
|a Каманкин
|b В. П.
|4 730
|
| 801 |
|
1 |
|a RU
|b 63413507
|c 20150908
|
| 801 |
|
2 |
|a RU
|b 63413507
|c 20150911
|g RCR
|
| 942 |
|
|
|c BK
|